[Event "Mittelfranken-chTB2a 1819"]
[Site "Mittelfranken"]
[Date "2019.02.10"]
[Round "5.6"]
[White "Mettal, Thomas"]
[Black "Heller, Michael"]
[Result "1-0"]
[WhiteElo "1663"]
[BlackElo "1714"]
[PlyCount "63"]
[EventDate "2018.10.14"]
[EventType "team-tourn"]
[EventRounds "9"]
[EventCountry "GER"]
[SourceTitle "EXT 2022"]
[Source "ChessBase"]
[SourceDate "2021.10.06"]
[SourceVersion "1"]
[SourceVersionDate "2021.10.06"]
[SourceQuality "1"]
[WhiteTeam "Bubenreuth"]
[BlackTeam "Buechenbach/Roth II"]
[WhiteTeamCountry "GER"]
[BlackTeamCountry "GER"]

1. e4 e6 2. d4 d5 3. Nc3 dxe4 4. Nxe4 Be7 5. Nf3 Nf6 6. Bd3 Nc6 7. c3 Bd7 8. Qc2 h6 9. Bd2 Nxe4 10. Bxe4 Bf6 11. Bf4 Rb8 12. h4 b5 13. g4 Be7 14. g5 hxg5 15. Nxg5 Bxg5 16. Bxg5 f6 17. d5 Ne7 18. dxe6 Bxe6 19. Be3 c6 20. Rg1 Kf8 21. Bc5 Qc7 22. 0-0-0 Rh5 23. b4 a5 24. Bxc6 Qxc6 25. Qg6 Rxc5 26. Qxg7+ Ke8 27. Qh8+ Ng8 28. Rxg8+ Bxg8 29. Qxg8+ Ke7 30. Qg7+ Ke6 31. bxc5 Re8 32. Rd6+ 1-0

[Event "Mittelfranken-chTB2a 1819"]
[Site "Mittelfranken"]
[Date "2019.01.27"]
[Round "4.6"]
[White "Lunz, Dieter"]
[Black "Mettal, Thomas"]
[Result "0-1"]
[WhiteElo "1833"]
[BlackElo "1663"]
[PlyCount "38"]
[EventDate "2018.10.14"]
[EventType "team-tourn"]
[EventRounds "9"]
[EventCountry "GER"]
[SourceTitle "EXT 2022"]
[Source "ChessBase"]
[SourceDate "2021.10.06"]
[SourceVersion "1"]
[SourceVersionDate "2021.10.06"]
[SourceQuality "1"]
[WhiteTeam "Heilsbronn"]
[BlackTeam "Bubenreuth"]
[WhiteTeamCountry "GER"]
[BlackTeamCountry "GER"]

1. e4 e6 2. d4 d5 3. Nc3 Bb4 4. a3 Bxc3+ 5. bxc3 Ne7 6. e5 c5 7. Qg4 0-0 8. h4 Qc7 9. Nf3 cxd4 10. Bd3 Ng6 11. Qh5 Qxc3+ 12. Ke2 Qxa1 13. Ng5 h6 14. Bxg6 fxg6 15. Qxg6 hxg5 16. hxg5 d3+ 17. Kxd3 Qxe5 18. Qh7+ Kf7 19. Rh4 Qf5+ 0-1

[Event "Mittelfranken-chTB2b 1314"]
[Site "Mittelfranken"]
[Date "2014.03.30"]
[Round "8.7"]
[White "Mettal, Thomas"]
[Black "Abmayr, Bernhard"]
[Result "0-1"]
[WhiteElo "1673"]
[BlackElo "1770"]
[PlyCount "56"]
[EventDate "2013.10.20"]
[EventType "team-tourn"]
[EventRounds "9"]
[EventCountry "GER"]
[SourceTitle "EXT 2020"]
[Source "ChessBase"]
[SourceDate "2019.10.17"]
[SourceVersion "1"]
[SourceVersionDate "2019.10.17"]
[SourceQuality "1"]
[WhiteTeam "Bubenreuth/Moehrendorf"]
[BlackTeam "Uttenreuth"]
[WhiteTeamCountry "GER"]
[BlackTeamCountry "GER"]

1. e4 e5 2. f4 exf4 3. Nf3 Be7 4. Bc4 d6 5. 0-0 Be6 6. Qe2 Qd7 7. d4 Bxc4 8. Qxc4 g5 9. Nc3 Qc6 10. Qe2 Nd7 11. Nd5 h6 12. b4 Nb6 13. b5 Qd7 14. Nxe7 Nxe7 15. a4 a5 16. c4 0-0 17. c5 Nbc8 18. Bb2 Qe6 19. d5 Qg6 20. c6 b6 21. Kh1 Kh7 22. Ra3 Re8 23. Nd2 Nxd5 24. Qf3 Nf6 25. Re1 Ne7 26. Qc3 Ned5 27. Qd4 Re6 28. Raa1 Rae8 0-1